Countries & Capitals of South America - Statistics

General Stats
  • This quiz has been taken 312 times
  • The average score is 22 of 24
Answer Stats
Continent Country/Capital % Correct
South America Uruguay
98%
South America Brazil
97%
South America Argentina
96%
South America Chile
96%
South America Colombia
96%
South America Paraguay
96%
South America Peru
96%
South America Venezuela
96%
South America Bolivia
95%
South America Ecuador
95%
South America Guyana
95%
South America Suriname
94%
South America Brasília
92%
South America Buenos Aires
90%
South America Lima
90%
South America Montevideo
89%
South America Santiago
88%
South America Bogotá
86%
South America Caracas
85%
South America La Paz
84%
South America Quito
84%
South America Asunción
80%
South America Georgetown
78%
South America Paramaribo
70%
No matching quizzes found
Score Distribution
Percent of People with Each Score
Percentile by Number Answered
Your Score History
You have not taken this quiz